| 000 | 00437nam a22001457a 4500 | ||
|---|---|---|---|
| 020 | _a9780201607024 | ||
| 040 | _cNust | ||
| 082 |
_a670 _bKAL |
||
| 100 |
_aSerope Kalpakijan _9124926 |
||
| 245 | _aManufacturing processes for Engineering materials | ||
| 250 | _a2nd Edition | ||
| 260 |
_aNew York: _bAddison Wesley publishing company, _c1991. |
||
| 650 |
_aManufacturing processes for Engineering materials _9112408 |
||
| 942 |
_2ddc _cBK |
||
| 999 |
_c612028 _d612028 |
||